15 principales países afectados por Covid19 - 6 septiembre - Estadísticas

Estadísticas generales
  • Esta prueba ha sido intentada 6 veces
  • La puntuación promedio es 17 de 23
Estadísticas de respuestas
país % Correcto
Chile
100%
Chile
100%
Colombia
100%
España
100%
Estados Unidos
100%
México
100%
Reino Unido
100%
Rusia
100%
Argentina
83%
Brasil
83%
Francia
83%
Perú
83%
Catar
67%
India
67%
Irán
67%
Baréin
50%
Israel
50%
Omán
50%
Sudáfrica
50%
Bangladés
33%
Kuwait
33%
Panamá
33%
Armenia
17%
No se encontraron pruebas coincidentes
Distribución de puntuación
Porcentaje de gente con cada puntuación
Porcentaje por número respondido
Historial de tus puntuaciones
No has intentado esta prueba.